LEADER 01608nam a2200277 u 4500 001 000000020490 003 CaOOAMICUS 005 20070226110915.0 008 070226s1885 it u000 u lat u 035 $a10500946 040 $aPUL(R)$bita 110 2 $aPapi.$0(OLS)http://pul/name/5229 240 10$aAtti.$9(Papi).$0(OLS)http://pul/title/28833 245 10$aBullarum, diplomatum et privilegiorum sanctorum romanorum pontificum neapolitana editio, taurinensis continuatio ac supplementum, seu Magni Bullarii Romani series altera cum Appendice /$cedita cura et studio quorumdam theologorum et canonistarum neapolit. cleri ; auspice Em.o ac Rev.mo Dno S.R.E. Cardinali Gulielmo Sanfelice ...Archiepiscopo. 246 30$aMagni Bullarii Romani series altera cum appendice 260 $aNeapoli :$bH. Caporaso,$c1885. 300 $a512 p. ;$c30 x 22 cm 500 $aTesto su due colonne. 500 $aTittolo del dorso : "Bullarium Romanum". 505 1 $a"Tomus V : Benedictus XIV (ab an. MDCCXL ad an. MDCCLVIII)". 850 $aPUL 852 $aPUL$W1$xDP1 Antico 800$y27$m795 C 9$j28787$nBK-PRI$b $qStampati Antico$B28787$CPULBib$Z2$F28787 $H $81 941 1 $a15 996 $6245$aBullarum, diplomatum et privilegiorum sanctorum romanorum pontificum neapolitana editio, taurinensis continuatio ac supplementum, seu Magni Bullarii Romani series altera cum Appendice$9(OLS)http://pul/title/28834 996 $6246$aMagni Bullarii Romani series altera cum appendice$9(OLS)http://pul/title/28835 996 $6260$aNeapoli :$bH. Caporaso$9(OLS)http://pul/publisher/56637 LEADER 01033nam a2200253 u 4500 001 000000024394 003 CaOOAMICUS 005 20070226111339.0 008 950623s1798 it u000 u ita u 035 $a10617328 040 $aPUL(R)$bita 110 1 $aRoma (Repubblica, 1798).$0(OLS)http://pul/name/20369 240 10$aCostituzione$9(Roma (Repubblica, 1798)).$0(OLS)http://pul/title/33768 245 10$aCostituzione della Repubblica romana. 260 $aRoma :$bLazzarini,$c1798. 300 $a64 p. ;$c20 cm 650 4$aCostituzioni (diritto).$0(OLS)http://pul/subject/14730 650 4$aDiritto civile.$0(OLS)http://pul/subject/2145 850 $aPUL 852 $aPUL$W1$xDP1 Antico 700$y26$m170 I 23(int. 1)$j34164$nBK-PRI$b $qStampati Antico$B34164$CPULBib$Z2$F34164 $H $81 941 1 $a15 961 $aINV: Leagto con altri volumi. 996 $6245$aCostituzione della Repubblica romana$9(OLS)http://pul/title/33769 996 $6260$aRoma :$bLazzarini$9(OLS)http://pul/publisher/48799